JR山手線の駅名を含むJR山手線以外の駅 - Statistics

General Stats
  • This quiz has been taken 210 times
  • The average score is 26 of 59
Answer Stats
会社 都府県 駅名 % Correct
私鉄 東京都 新宿三丁目
86%
私鉄 東京都 西新宿
85%
私鉄 東京都 上野広小路
84%
私鉄 東京都 上野御徒町
79%
私鉄 東京都 北品川
79%
私鉄 東京都 東新宿
76%
私鉄 東京都 東池袋
71%
私鉄 東京都 代々木上原
70%
私鉄 東京都 中目黒
66%
私鉄 東京都 代々木公園
65%
私鉄 東京都 新御徒町
64%
私鉄 東京都 新宿西口
64%
私鉄 東京都 北池袋
63%
両方 三重県 伊賀上野
62%
私鉄 東京都 南新宿
62%
JR 山梨県 上野原
61%
私鉄 東京都 新宿御苑前
61%
私鉄 東京都 仲御徒町
61%
私鉄 東京都 西新宿五丁目
60%
私鉄 東京都 本駒込
60%
私鉄 東京都 大崎広小路
58%
私鉄 東京都 東京テレポート
58%
私鉄 東京都 新大塚
56%
私鉄 東京都 西巣鴨
56%
私鉄 東京都 京成上野
55%
私鉄 東京都 代々木八幡
54%
私鉄 東京都 西武新宿
52%
私鉄 東京都 大塚駅前
50%
私鉄 東京都 品川シーサイド
49%
私鉄 鹿児島県 神田(交通局前)
47%
私鉄 東京都 東池袋四丁目
47%
私鉄 東京都 中野新橋
46%
私鉄 神奈川県 高座渋谷
44%
私鉄 三重県 上野市
42%
私鉄 東京都 モノレール浜松町
40%
私鉄 東京都 東京ビッグサイト
39%
私鉄 東京都 東京国際クルーズターミナル
38%
私鉄 千葉県 東京ディズニーシー・ステーション
38%
私鉄 千葉県 東京ディズニーランド・ステーション
38%
JR 宮城県 東大崎
30%
私鉄 東京都 巣鴨新田
29%
JR 宮城県 西大崎
29%
JR 大阪府 上野芝
26%
私鉄 埼玉県 南大塚
26%
私鉄 静岡県 三島田町
22%
私鉄 神奈川県 相模大塚
20%
私鉄 三重県 伊勢上野
19%
私鉄 東京都 大塚・帝京大学
19%
JR 山梨県 甲斐上野
19%
私鉄 山形県 西大塚
18%
JR 愛知県 三河大塚
15%
私鉄 神奈川県 目白山下
15%
私鉄 三重県 豊津上野
12%
私鉄 栃木県 野州大塚
12%
JR 宮城県 陸前大塚
11%
JR 岡山県 美作大崎
9%
私鉄 東京都 雪が谷大塚
9%
私鉄 滋賀県 朝日大塚
7%
私鉄 広島県 祇園新橋北
7%
No matching quizzes found
Score Distribution
Percent of People with Each Score
Percentile by Number Answered
Your Score History
You have not taken this quiz